| 000 | 00785nam a22002297a 4500 | ||
|---|---|---|---|
| 999 |
_c9950 _d9950 |
||
| 003 | AR-CdUCM | ||
| 008 | 190328b ||||| |||| 00| 0 spa d | ||
| 040 |
_aMUNICIPALIDAD PROVINCIAL DEL CUSCO _cBIBLIOTECA MUNICIPAL DEL CUSCO |
||
| 082 |
_a869.33 / _bP26C / 1958 |
||
| 100 |
_aParra, Nicanor _913977 |
||
| 245 | _aLa cueca larga / | ||
| 260 |
_aChile : _bUniversitaria, _c1958. |
||
| 300 |
_a34 páginas ; _bilustraciones ; _c27 cm. |
||
| 500 | _aDonación de la familia Nieto. Publicaciones del sur andino, y artesanales. | ||
| 650 |
_aPoesía chilena _95520 |
||
| 650 |
_aPoetas chilenos _914365 |
||
| 650 |
_aPoesía - siglo XX _91708 |
||
| 650 |
_aPoetas del sur andino _926507 |
||
| 700 |
_aAntunez, Nemesio (Ilustrador) _926508 |
||
| 942 |
_2ddc _cLIBROS |
||
| 945 | _alccs | ||